000 00640nam a22002297a 4500
003 UA-OsUOA
001 102398
007 ta
008 20130909b un ||||| |||| 00| 0 ukr d
100 _aАндрюшин С.
700 _aКузнецова В.
090 _a330
_bА66
942 _cSA
040 _aUA-OsUOA
_brus
_cUA-OsUOA
_dUA-OsUOA
245 _aМонетарные инстументы регулирования притока иностранного капитала
300 _aС.45-59
955 _a0
041 _arus
080 _a330
773 0 _w102396
650 7 _a330 Економіка взагалі
_2UDC
999 _c388627
_d388627